000 00473nam a22001457a 4500
005 20250812095456.0
008 250812b |||||||| |||| 00| 0 eng d
020 _a9966-9842-8-3
050 _aHQ763.K4A931991
100 _aA.B.C OCHOLLA AYAYO
245 _aTHE SPIRIT OF A NATION
_bAN ANALYSIS OF POLICY,ETHICS AND CUSTOMARY RULES OF CONDUCT FOR REGULATING FERTILITY LEVELS IN KENYA
260 _aKENYA
_bSHIRIKON PUBLISHERS
_c1991
300 _aX,210
942 _2lcc
_cBK
999 _c216023
_d216023